| 000 | 00709nam a22002057a 4500 | ||
|---|---|---|---|
| 003 | OSt | ||
| 005 | 20260203082446.0 | ||
| 008 | 260203b |||||||| |||| 00| 0 eng d | ||
| 020 | _a974-8279-69-3. | ||
| 040 |
_aDWC-Main lib _cOC |
||
| 082 |
_2Library Education Series _aRes. 025.433 D617l 2000 |
||
| 100 | _aDittman, Helena | ||
| 245 |
_aLearn Library of Congress classification _cHelena Dittman |
||
| 260 |
_aThailand : _bBook Promotion & Service Co., Ltd., _cc2000. |
||
| 300 |
_a161 pages ; _c29 cm. |
||
| 504 | _aIncludes bibliographical references and index. | ||
| 650 | _a1. Classification, Library of Congress. | ||
| 700 | _aHardy, Jane | ||
| 942 |
_2ddc _cBK-0 CIRC _eLibrary Education Series _kRes. _n0 |
||
| 999 |
_c8218 _d8218 |
||